000 00290nmm a2200097Ia 4500
008 220120s9999||||xx |||||||||||||||||und||
082 _a003 HIL
100 _aHillier, Frederick, S. and Lieberman, Gerald, J
245 0 _aIntroduction to operations research concepts and cases
260 _c2005
999 _c139303
_d139303